| 000 | 01212nam1a22002651 4500 | ||
|---|---|---|---|
| 001 | rc\620124 | ||
| 005 | 20031121164054.5 | ||
| 035 | _a(NLR Aleph) 005950415 | ||
| 090 |
_a6759600 _c6759600 |
||
| 100 | _a20031121d1986 u |0rusy50 ca | ||
| 101 | 0 | _arus | |
| 102 | _aRU | ||
| 105 | _ay ||||||||| | ||
| 200 | 1 |
_aУпражнения и задачи по общей теории статистики _eДля студентов II курса всех спец. _fВанина М.М., Новикова М.П., Партешко Н.С. _gМ-во высш. и стред. спец. образования СССР, Всесоюз. заоч. фин.-экон. ин-т |
|
| 210 |
_aМ. _cВЗФЭИ _d1986 |
||
| 215 | _d20 | ||
| 300 | _aВ вып. дан. авт.: кандидаты экон. наук, доценты Ванина М.М., Новикова М.П., Партешко Н.С. | ||
| 700 | 1 |
_aВанина _bМ. М. _gМария Михайловна |
|
| 701 | 1 |
_aНовикова _bМ. П. _gМария Петровна |
|
| 701 | 1 |
_aПартешко _bН. С. _gНина Степановна |
|
| 801 | 0 |
_aRU _bNLR _gpsbo |
|
| 801 | 1 |
_aRU _bELAR _2rusmarc |
|
| 852 |
_aNLR _j87-4/22428 |
||
| 942 | _cBOOK | ||
| 980 | _aNB | ||